|
|
|
|
| LEADER |
01686cam a2200517 i 4500 |
| 001 |
nkc20182982425 |
| 003 |
CZ PrNK |
| 005 |
20240312082241.0 |
| 007 |
ta |
| 008 |
180131s2018 xr e f 000 0 cze d |
| 015 |
|
|
|a cnb002982425
|
| 020 |
|
|
|a 978-80-7390-650-4
|q (brožováno)
|
| 035 |
|
|
|a (OCoLC)1035456234
|
| 040 |
|
|
|a HOG001
|b cze
|d CBA001
|d OLA001
|d ABA001
|e rda
|
| 041 |
1 |
|
|a cze
|h eng
|
| 072 |
|
7 |
|a 133
|x Ezoterismus. Okultismus
|2 Konspekt
|9 17
|
| 080 |
|
|
|a 133.52
|2 MRF
|
| 080 |
|
|
|a 133.526
|2 MRF
|
| 080 |
|
|
|a (035)
|2 MRF
|
| 100 |
1 |
|
|a Boland, Yasmin
|7 ola2014849259
|4 aut
|
| 240 |
1 |
0 |
|a Astrology.
|l Česky
|
| 245 |
1 |
0 |
|a Astrologie pro každého /
|c Yasmin Boland ; přeložil: David Sajvera
|
| 264 |
|
1 |
|a Praha :
|b Dobrovský s.r.o.,
|c 2018
|
| 300 |
|
|
|a 310 stran ;
|c 20 cm
|
| 336 |
|
|
|a text
|b txt
|2 rdacontent
|
| 337 |
|
|
|a bez média
|b n
|2 rdamedia
|
| 338 |
|
|
|a svazek
|b nc
|2 rdacarrier
|
| 490 |
1 |
|
|a Knihy Omega
|
| 500 |
|
|
|a Přeloženo z angličtiny
|
| 500 |
|
|
|a Obálkový podnázev: průvodce osobním horoskopem
|
| 500 |
|
|
|a Terminologický slovník
|
| 504 |
|
|
|a Obsahuje bibliografické odkazy
|
| 650 |
0 |
7 |
|a astrologie
|7 ph114086
|2 czenas
|
| 650 |
0 |
7 |
|a horoskopy
|7 ph114697
|2 czenas
|
| 650 |
0 |
9 |
|a astrology
|2 eczenas
|
| 650 |
0 |
9 |
|a horoscopes
|2 eczenas
|
| 655 |
|
7 |
|a příručky
|7 fd133209
|2 czenas
|
| 655 |
|
9 |
|a handbooks and manuals
|2 eczenas
|
| 700 |
1 |
|
|a Sajvera, David
|7 xx0070735
|4 trl
|
| 830 |
|
0 |
|a Knihy Omega
|0 s
|
| 910 |
2 |
|
|a BOA001
|b 1-1405.377
|
| 920 |
|
|
|a 0761992
|z CBA001
|
| 990 |
|
|
|a BK
|
| 995 |
|
|
|a 01
|
| 991 |
|
|
|b 201803
|c NOV
|
| 996 |
6 |
|
|b 2610737606
|c 1-1405.377
|l MZK
|r Sklad / do 1 hodiny
|n 4
|p p.v.
|w 001656535
|u 000010
|a 1
|e BOA001
|j MZK50
|s P
|